000 00425nam a22001697a 4500
003 MPLRDC
005 20220104123940.0
008 210129b ||||| |||| 00| 0 eng d
082 _a494.07 XH
100 _a许慧主编
245 _a强势管理: 韩非子的管理哲学
_c
260 _a
_b耀文图书公司
_c1991
300 _b
490 _a耀文丛书. 11
650 _a企业管理
942 _cBK
_o494.07 XH
999 _c15457
_d15447